000 00509nam a2200157 i 4500
001 33576
003 ES-MaACL
005 20230906154801.0
007 t|
008 030202s1973 sp ||||1| spa d
100 1 _aBlanch, Carlos J.
_929130
245 1 0 _aCatequesis de adultos
_b: ocho catequesis a los padres con ocasión de la primera comunión de sus hijos /
_cCarlos J. Blanch.
260 _aZaragoza :
_bHechos y Dichos,
_c[1973]
300 _a267 p. ;
_c18 cm.
852 _aES-MaACL
_jA-10966
_bR.100551
999 _c33576
_d33576